Magyar személynévadás és társadalmi helyzet a 14-16. században kandidátusi értekezés tézisei /

Elmentve itt :
Bibliográfiai részletek
Szerző: Fehértói Katalin
Dokumentumtípus: Cikk
Megjelent: 1976
Kulcsszavak:Névadás - magyar - 14-16. sz., Személynevek - magyar
Tárgyszavak:
Online Access:http://misc.bibl.u-szeged.hu/68538
LEADER 00788nab a2200205 i 4500
001 misc68538
005 20230207150052.0
008 220211s1976 hu o 0|| hun d
040 |a SZTE Miscellanea Repozitórium  |b hun 
041 |a hun 
100 1 |a Fehértói Katalin 
245 1 0 |a Magyar személynévadás és társadalmi helyzet a 14-16. században   |h [elektronikus dokumentum] :  |b kandidátusi értekezés tézisei /  |c  Fehértói Katalin 
260 |c 1976 
300 |a 12 p.  |c 20 cm 
561 |a Németh Gyula hagyaték 
591 |a LOM 1052;X 303919 
650 4 |a Bölcsészettudományok 
650 4 |a Nyelvek és irodalom 
695 |a Névadás - magyar - 14-16. sz., Személynevek - magyar 
856 4 0 |u http://misc.bibl.u-szeged.hu/68538/1/1592_om_f35.pdf  |z Dokumentum-elérés